| 000 | 01061nam0a2200289 4500 | ||
|---|---|---|---|
| 001 | RU\NLR\ONL1\2641 | ||
| 005 | 20250613113852.0 | ||
| 035 | _a(NLR Aleph) 009631394 | ||
| 090 |
_a9495828 _c9495828 |
||
| 100 | _a20040226d1935 |||y0rusy50 ca | ||
| 101 | 0 | _achm | |
| 102 | _aRU | ||
| 105 | _aa ||||||||| | ||
| 200 | 1 |
_aЙаллаштэ да колхозлаштэ сай корным кузэ ыштымаш _fДэвьаткин С. А. |
|
| 205 |
_a2-шо изд. _bтöрлатыме _fИнженер А. С. Рабинович рэд. |
||
| 210 |
_aМ. _aЛ. _cГострансиздат _d1935 |
||
| 215 |
_a122, [2]с. _cил. _d19 |
||
| 541 | 1 |
_aКак в селе, в колхозе построить проезжую дорогу _zrus |
|
| 606 | 0 |
_aДорожное строительство _9892895 _3RU\NLR\auth\662977 |
|
| 686 | 1 | _aО311.13 | |
| 700 | 1 |
_aДевяткин _bС. А. _4070 |
|
| 801 | 0 |
_aRU _bNLR _c20040226 _gPSBO |
|
| 852 |
_aNLR _bОНЛ _jМар.л./2-664 |
||
| 942 | _cBOOK | ||
| 980 | _aNB | ||